| 000 | 01955 a2200289 4500 | ||
|---|---|---|---|
| 001 | 49434 | ||
| 005 | 20260407155758.0 | ||
| 008 | 260407a2017 arg spa d | ||
| 003 | AR-UNSa-BCEJYS | ||
| 040 |
_aAR-UNSa-BCEJYS _bspa _cAR-UNSa-BCEJYS |
||
| 080 |
_a347.736 _xQuiebra. Insolvencia. Suspensión de pagos. Bancarrota, procedimientos. Derecho Concursal |
||
| 245 | 1 | 0 | _aManual de derecho concursal |
| 020 | _a978-987-551-333-4 | ||
| 264 | 1 |
_aCórdoba : _bAdvocatus _c2017 |
|
| 300 |
_a685 p. _c23 cm. |
||
| 505 | _a1. Derecho Concursal - 2. Órganos del concurso - 3. Primera Parte: El concurso preventivo - Segunda Parte: La quiebra - 4. Primera Parte: El fuero de atracción - Segunda Parte: Verificación de créditos - Tercera Parte: El pronto pago - 5. Primera Parte: Clasificación y agrupamiento de acreedores - Segunda Parte: Impugnación a la propuesta de acuerdo preventivo - Tercera Parte: Acuerdo preventivo extrajudicial - 6. Primera Parte: Efectos del concurso con relación al concursado - Segunda Parte: Efectos de la quiebra en relación al fallido - 7. Efectos del concurso y la quiebra sobre los contratos - 8. Efectos del concurso y la quiebra sobre los contratos (Continuación) - 9. Primera Parte: Extensión de la Quiebra - Segunda Parte: Acciones de responsabilidad - 10. Ineficacia concursal - 11. Formas de conclusión del concurso y liquidación en la quiebra - 12. La continuación de la explotación - 13. Privilegios - 14. Conclusión de la quiebra y clausura del procedimiento. | ||
| 041 | _aspa | ||
| 942 | _cBK | ||
| 590 | _aniveau_biblio:m niveau_hierar:0 | ||
| 100 | 1 | _aJunyent Bas, Francisco | |
| 700 | 1 | _aGiménez, Sofía Inés | |
| 700 | 1 | _aPeretti, María Victoria | |
| 700 | 1 | _aRodríguez leguizamón, María Cecilia | |
| 700 | 1 | _aAliaga, María Sofía | |
| 700 | 1 | _aBalduzzi, Leonardo | |
| 856 | 4 | 1 |
_uhttps://www.biblioeco.unsa.edu.ar/pmb/images/libros/L128097.jpg _yImagen de portada _qimage/jpeg |
| 999 |
_c4845 _d4845 |
||